00518nam a22001697a 450000500170000001000130001702000130003003500130004303700160005608200080007210000260008024500720010624600620017826000380024027000470027830000230032520200206111250.0 aA-419346 c60.00a- aA-419346 bDBAD/PUBa- a848 aممتا ز حسين  aنقد حر ف :تنقيد ی مضا مين cممتا ز حسين  bNaqad-e-Harf:Tanqeedi Mazameen (Urdu)aby Mumtaz Hussain  aPakistanbMaktaba Asloobc1985 ء aPost Box 2119,KiranchibKiranchie18k-l- a303 ص c22 Cm(Hb)